000 00455cas a22001815a 4500
001 L220
008 070802c xxkwr p 0 a0eng
035 _a(Sirsi) u98862
041 0 _aeng
245 0 0 _aNew Property Cases
260 _aGuildford
_bNew Law Publishing Company Ltd.
_c[19-?]
362 0 _a1987-2001
554 _aOne per week
651 4 _aEngland and Wales
_y1543-
690 _aPROPERTY AND LAND LAW
942 _n0
948 _c19/07/1994
999 _c118548
_d118548